00512nam a2200145Ia 4500008004100000041001200041100001800053245008800071250000900159260000900168650000800177942000700185999001700192952015700209221030s9999 xx 000 0 und d aEnglish aMateenah /310 0aireless Survelliance Systemusing Zigbee & Interfacing With MetlabcInsha/ 329 a2010 c2014 aECE cTH c15184d15184 pMPR-721l0r2022-10-30 00:00:00w2022-10-30yTH003Print4070aMIETLIBbMIETLIBcBL-Academic Block -b, FL-2, CUP-0, SH-0, R-0d2014-09-0910HBE (ECE)